000 00531nam a2200217Ia 4500
003 OSt
005 20220928141046.0
006 a|||||r|||| 00| 0
007 ta
008 220927b |||||||| |||| 00| 0 eng d
024 _a13296
037 _cTextual
040 _aSDCL
_cSDCL
_beng
041 _2eng
_aeng
082 _aB2898, N6
100 _aHock Ng Chee
_9498817
245 0 _aQueing modellling fundamentals.
260 _c1996
942 _hB2898, N6
_cTEXL
_2CC
999 _c815705
_d815705